Úloha a postavenie personálnych agentúr v podmienkach SR bakalárska práca

Guardado en:
Detalles Bibliográficos
Autor principal: Matu, Marek
Autor Corporativo: Podnikovohospodárska fakulta EU so sídlom v Košiciach. Katedra manažmentu
Otros Autores: Olexová, Cecília, 1976-
Formato: Libro
Lenguaje:eslovaco
Publicado: Košice 2018
Etiquetas: Agregar Etiqueta
Sin Etiquetas, Sea el primero en etiquetar este registro!

MARC

LEADER 00000nbm a2200000 4500
001 0245745
005 20181024123433.6
041 0 |a slo 
044 |a SK 
245 1 0 |a Úloha a postavenie personálnych agentúr v podmienkach SR  |b bakalárska práca  |c Marek Matu ; školiteľ: Cecília Olexová 
264 1 |a Košice  |c 2018 
300 |a 52 s. 
100 1 |a Matu, Marek 
700 1 |a Olexová, Cecília, 1976- 
710 2 |a Podnikovohospodárska fakulta EU so sídlom v Košiciach. Katedra manažmentu